| 000 | 00613nam a2200205 a 4500 | ||
|---|---|---|---|
| 005 | 20240228064134.0 | ||
| 008 | 140522s1999 ea r 000 0 spa d | ||
| 020 | _a4880125199 | ||
| 035 | _aUPN01000197468 | ||
| 049 | _aI | ||
| 050 | 4 |
_aPZ50.58 _bS4.2 |
|
| 100 | 1 |
_aSeong-Chang, Hong, _d1929- _942978 |
|
| 245 | 1 | 4 |
_aUna aldea llamada felicidad / _cSeong-Chan Hong ; tr. Eduardo Campelo. |
| 260 |
_aSeoul : _bShinseken, _cc1999. |
||
| 300 |
_a[31] p. : _bil. col. |
||
| 650 | 4 |
_aCUENTOS INFANTILES COREANOS _923559 |
|
| 650 | 4 |
_aLibros y lectura para niƱos _92290 |
|
| 905 | _aInfantil | ||
| 999 |
_c169569 _d169569 |
||